| 000 | 00966nam a2200301 i 4500 | ||
|---|---|---|---|
| 003 | EG-GICUC | ||
| 005 | 20260121101731.0 | ||
| 008 | 260117s1989 us ||||fr ||| 00| 0 eng d | ||
| 040 |
_aEG-GICUC _cEG-GICUC _dEG-GICUC _erda _beng |
||
| 041 | 0 | _aeng | |
| 082 | 0 | 4 |
_221 _a341.48 _bBA . P |
| 092 | 0 | 4 | _221 |
| 099 | _aLaw1 11 341.48 BA . P 1989 | ||
| 100 | 1 |
_aBassiouni,M.Cherif _eAuthor. |
|
| 245 | 1 | 2 |
_aThe Palestinian Intifada : _bA Record Of Israeli Repression / _cM.Cherif Bassiouni . |
| 264 | 0 |
_aChicago : _bDataBase Project On Palestinian Human Rights , _c1989 . |
|
| 300 |
_a234 Pages; _c30 cm. |
||
| 336 |
_atext _2rda content |
||
| 337 |
_aComputer _2rda media |
||
| 338 |
_aOnline Resource _2rda carrier |
||
| 546 | _aText in English | ||
| 650 | 0 | 4 | _aPublic international law |
| 650 | 0 | 4 | _aHuman Rights |
| 700 | 1 |
_aCainkar,Louise _eAuthor. |
|
| 856 | _uhttps://fll.law.cu.edu.eg/fulltext/th/B11-06820.pdf | ||
| 905 | _a59 | ||
| 942 |
_2ddc _cBK _e21 _n0 |
||
| 999 |
_c57325 _d57325 |
||